000
00242 a2200097 4500
001
30462
100
_a
Wilains, D A
245
_a
Second language and teaching
260
_a
London
_b
The English language Book Society
_c
090
_c
20405
_d
20405
942
_a
NUST-CAE
_c
M
_c
11565
999
_c
265535
_d
265535